Top 40 Countries With The Most Athletes In The Rio 2016 Olympics - Statistics

General Stats
  • This quiz has been taken 1,160 times
  • The average score is 32 of 40
Answer Stats
Athletes Country % Correct
558 United States
100%
403 China
98%
471 Brazil
97%
293 Russia
97%
431 Germany
96%
340 Japan
96%
406 France
95%
424 Australia
94%
314 Canada
94%
312 Italy
94%
309 Spain
93%
218 Argentina
91%
127 Mexico
91%
208 South Korea
89%
158 Sweden
89%
120 India
86%
243 Netherlands
84%
246 Poland
83%
94 Greece
81%
203 New Zealand
81%
373 Great Britain
80%
94 Portugal
80%
103 Turkey
77%
206 Ukraine
77%
72 Austria
76%
106 Belgium
75%
104 Switzerland
75%
162 Hungary
73%
149 Colombia
71%
98 Romania
71%
125 Denmark
70%
124 Egypt
70%
105 Czech Republic
66%
77 Ireland
66%
80 Kenya
64%
124 Cuba
59%
88 Croatia
57%
75 Nigeria
57%
88 Venezuela
52%
124 Belarus
49%
No matching quizzes found
Score Distribution
Percent of People with Each Score
Percentile by Number Answered
Your Score History
You have not taken this quiz